| 000 | 00706nam a22001937a 4500 | ||
|---|---|---|---|
| 005 | 20130117143641.0 | ||
| 010 | _aENG-106619 | ||
| 020 |
_a9788171326983 _c595.00 |
||
| 035 | _aEN-90152 | ||
| 037 | _bDBAD/PUB | ||
| 082 | _a338.040820954 | ||
| 100 |
_aDwivedi, Harshit _954869 |
||
| 245 |
_aRural women entrepreneurship / _cby Harshit Dwivedi |
||
| 260 |
_aJaipur _bPointer Publishers _c2012 |
||
| 270 |
_a807, Vyas Building, Chaura Rasta _bJaipur _e302003 |
||
| 300 |
_aviii,160p. _c20cm (Hb) |
||
| 942 |
_2ddc _cEN _h338.040820954 _mDWI |
||
| 999 |
_c73123 _d73123 |
||